00306 a2200097 4500001001000000005001700010008004100027245004600068100002200114773007200136ART_5557620260410161609.0260409a 10aEn torno a la docencia de la contabilidad1 aTua Pereda, Jorge0 tProfesional & Empresariag- Año XXIII, Nº 271 (abr. 2022)wREV70